000 00265nam a22001217a 4500
008 190305b xxu||||| |||| 00| 0 eng d
041 _aeng
080 _a611
100 _a6
101 _aANA
245 _aHuman Developmental Anatomy
_cDavies, J
942 _2udc
_cBK
999 _c54521
_d54521